Quizzes
Events
Quiz Creation
Community
Videos
Private Events
Remove Ads
Sign In
Join for FREE
Feedback
Dark Mode
Quiz Categories
Sports
Geography
Music
Movies
Television
Just For Fun
Miscellaneous
History
Literature
Language
Science
Gaming
Entertainment
Religion
Holiday
For Kids
Quiz Lab
Recent
Popular Today
Quiz Kudos Today
Editor Picks
Curator Picks
Quizzes by...
Day
Popularity
Type
Ratings
Length
Year
Community
Subscriptions
Recent Discussions
Orange Saloon
Badges
Playlists
Quests
Create
Leaderboards
Showdown
Live 5
Trivia Bingo
Activity
Puzzle Library
Sporcle Events
Private Events
Virtual Trivia
Globe League
Become a Host
Pub Owners
SporcleCon
Opinionation
Our Games
Videos
Blog
Mobile Apps
Partnerships
Remove Ads and Go Orange
Feedback
Sports
Athletes
MLB
NBA
NHL
NFL
Soccer
Sports Teams
WWE
NCAA
Football
Premier League
Basketball
Baseball
Hockey
Golf
Tennis
Cricket
Rugby
Auto Racing
Olympics
World Cup
Sports
Athletes
MLB
NBA
NHL
NFL
Soccer
Sports Teams
WWE
NCAA
Football
Premier League
Basketball
Baseball
Hockey
Golf
Tennis
Cricket
Rugby
Auto Racing
Olympics
World Cup
Random Quiz
Search Sporcle
×
Quiz Lab
Quiz Lab
Sports
Germany
Type in answers that appear in a list
Type in answers that appear in a list
Classic
Best Score? Go Orange.
Germany Internationals Playing Abroad Stats
Can you name the Germany Internationals Playing Abroad?
By
NankerPhelge62
15m
86 Questions
475 Plays
475 Plays
475 Plays
Comments
Comments
Give Quiz Kudos
Give Quiz Kudos
-
- Ratings
hide this ad
More Info
Replay
Link that replays current quiz
Next Quiz
Link to next quiz in quiz playlist
You Got
0%
They Got
Avg Score
63%
Avg Friend Score
Upgrade to see
Score Distribution
Jump to the score distribution portion of the page
Score
0/86
Timer
15:00
0
Plays Today
Hint
Answer
% Correct
Real Madrid
Mesut Özil
96%
Arsenal
Mesut Özil
96%
Real Madrid
Sami Khedira
92.8%
Juventus
Sami Khedira
92.8%
Arsenal
Lukas Podolski
92.2%
Internazionale
Lukas Podolski
92.2%
Galatasaray
Lukas Podolski
92.2%
Real Madrid
Toni Kroos
91.5%
Internazionale
Jürgen Klinsmann
90.5%
Tottenham
Jürgen Klinsmann
90.5%
Monaco
Jürgen Klinsmann
90.3%
Sampdoria
Jürgen Klinsmann
90.3%
Lazio
Miroslav Klose
89.2%
Barcelona
Marc-André ter Stegen
88.8%
Arsenal
Jens Lehmann
88.6%
Arsenal
Per Mertesacker
87.1%
Chelsea
Michael Ballack
86.4%
Internazionale
Lothar Matthäus
84.5%
New York MetroStars
Lothar Matthäus
84.5%
Manchester United
Bastian Schweinsteiger
84.1%
Monaco
Oliver Bierhoff
82.2%
Udinese
Oliver Bierhoff
82%
AC Milan
Oliver Bierhoff
82%
AS Roma
Rudi Völler
81.8%
Marseille
Rudi Völler
81.8%
Valencia
Shkodran Mustafi
79.2%
Arsenal
Shkodran Mustafi
79.2%
Sampdoria
Shkodran Mustafi
79%
Fiorentina
Mario Gomez
78%
Hint
Answer
% Correct
Besiktas
Mario Gomez
78%
Newcastle
Dietmar Hamann
76.9%
Liverpool
Dietmar Hamann
76.9%
AS Roma
Antonio Rüdiger
76.5%
Chelsea
Antonio Rüdiger
76.5%
Paris SG
Julian Draxler
76.3%
Paris SG
Kevin Trapp
72.9%
Manchester City
Ilkay Gündogan
72%
Juventus
Emre Can
71.2%
Manchester City
Leroy Sané
70.6%
Manchester City
Jerome Boateng
69.1%
Chelsea
André Schürrle
69.1%
Internazionale
Andreas Brehme
68.4%
Liverpool
Emre Can
68.4%
Real Madrid
Christoph Metzelder
66.7%
Marseille
Andreas Köpke
65.7%
AC Milan
Christian Ziege
64.8%
Middlesbrough
Christian Ziege
64.8%
Liverpool
Christian Ziege
64.6%
Tottenham
Christian Ziege
64.6%
Juventus
Jürgen Kohler
64%
Paris SG
Thilo Kehrer
63.3%
Barcelona
Bernd Schuster
62.1%
Juventus
Andreas Möller
62.1%
Chelsea
Robert Huth
61.7%
Middlesbrough
Robert Huth
61.4%
Internazionale
Karl-Heinz Rummenigge
61%
Internazionale
Hansi Müller
58.9%
Aston Villa
Thomas Hitzlsperger
58.1%
Hint
Answer
% Correct
West Ham
Thomas Hitzlsperger
58.1%
Juventus
Thomas Hässler
55.7%
AS Roma
Thomas Hässler
55.7%
Internazionale
Matthias Sammer
55.3%
Lazio
Karl-Heinz Riedle
50%
Juventus
Stefan Reuter
49.4%
Fiorentina
Stefan Effenberg
46%
Arsenal
Serge Gnabry
43.4%
Valencia
Timo Hildebrand
43%
Hellas Verona
Thomas Berthold
40.9%
AS Roma
Thomas Berthold
40.9%
Paris SG
Christian Wörns
40.9%
Matra Racing
Pierre Littbarski
38.3%
Marseille
Klaus Allofs
36.7%
Udinese
Carsten Jancker
35.8%
Real Madrid
Uli Stielike
35.2%
Fiorentina
Jörg Heinrich
34.1%
Hellas Verona
Hans-Peter Briegel
32%
Real Betis
David Odonkor
31.8%
Lazio
Thomas Doll
28.6%
Rangers
Jörg Albertz
27.8%
Santos
Roberto Paulo Rink
26.7%
Dinamo Zagreb
Jens Nowotny
26.1%
Besiktas
Stefan Kuntz
25.4%
Ajax Amsterdam
Amin Younes
23.3%
Celtic
Andreas Hinkel
22.5%
Valencia
Rainer Bonhof
17.6%
Fenerbahçe
Mustafa Dogan
9.1%
Quiz Playlist
Details
Report
Send in Message
Add To Playlist
More Info:
Players who played an international game with Germany while playing abroad since 1980.
Classic:
Type in answers that appear in a list
Last Updated: Sep 23, 2017
Quiz Scoreboard
CHALLENGE
Sign Up to Join the Scoreboard
Show All
Scores
Hide
Comments
May contain spoilers
Recently Published
1-10 Letter E Words III
by El_Dandy
Language
2m
One Thing in Common: World Cities II
by knightlancer
Geography
7m
Popular People in 1961
by mucciniale
History
6m
More to Explore
Quiz From the Vault
Featured Blog Post
Where Did the Easter Bunny Come From?
hide this ad
You Might Also Like...
Tags
Abroad
Germany
International
Today's Top Quizzes in Sports
Browse Sports
hide this ad
Today's Top Quizzes in Germany
Browse Germany
Top Contributed Quizzes in Sports
1
Les meilleurs buteurs des matchs entre le PSG et l’OM
2
Les entraîneurs de l'OM et du PSG au 21e siècle
3
2022 World Cup Stars
4
FIFA Club World Cup Champions
5
Name the Premier League winners with different clubs
6
La finale Lions - Afrique du Sud 2021
7
Criteria MLB: Left Handed Sluggers
8
Players with Multiple 50 Home Run Seasons
9
MLB Players with Two .350 Batting Average Seasons
10
MLB Hall of Famer by Rings
Explore More
Trending Topics
Kpop
Harry Potter
Anime
Crossword
Marvel
Disney
NBA
Puzzle
Soccer
The Office
WWE
NFL
Song
Pokémon
Country
hide this ad
More By:
NankerPhelge62
Quiz
Plays
Rating
Category
Featured
Created
2016 NBA Finals Statistical Leaders
8,391
4.24
Sports
Jun 20, 2016
Half Season Champions
8,212
4.74
Sports
Dec 28, 2016
Who wants to be a millionaire?
7,009
4.67
Miscellaneous
Sep 28, 2016
2015-2016 NBA Western Conference Standings
6,941
5.00
Sports
Oct 14, 2016
2015-2016 NBA Eastern Conference Standings
6,307
2.57
Sports
Oct 14, 2016
Go to Creator's Profile
Score Distribution
Quiz Creator Spotlight
NankerPhelge62
Follow
Send a Message
Quizzes Created
-
Created Quiz Play Count
-
More By This Creator
Popular Quizzes Today
1
Find the US States - No Outlines Minefield
2
Find the Countries of Europe - No Outlines Minefield
3
The Countries of the World
4
Popular People in 1961
5
1-10 Letter E Words III
6
Find the US States
7
One Thing in Common: World Cities II
8
US States
More Sports Quizzes
Any NFL Team Besides the Ravens
Published
Trending Quizzes
Risky Map Clicking: Least Populous States A-Z
1-10 Letter F Words
1-10 Letter G Words
One Thing in Common: United Kingdom
Risky Map Clicking: Next State Alphabetically
Recently Updated
Leaping Animals
pecheneg
Reality TV Shows (A-Z)
bhenderson79
Rickey Henderson's Hall of Fame Teammates
pecheneg
Champions League XIs: Arsenal
pecheneg
Quick Pick: Celebrities in WWE's Hall of Fame
aduchscher
A-Z Keypad Blitz II
pecheneg
Multiple Oscar Actors
pecheneg
Mystery Phrase Blitz: Oscar 'Best Actors'
pecheneg
F. Scott Fitzgerald Novels
LTH
Pick 3 Villains
ddd62291
Trending Topics
Kpop
Marvel
Disney
Crossword
NBA
Harry Potter
Anime
WWE
NFL
Puzzle
Country
Pokémon
Soccer
Song
The Office
Your Account Isn't Verified!
In order to create a playlist on Sporcle, you need to verify the email address you used during registration. Go to your
Sporcle Settings
to finish the process.
Report this User
Report this user for behavior that violates our
Community Guidelines
.
Details:
Send Report
Go to the Sporcle.com Mobile Site →
Comments